000 00588nam a2200205Ii 4500
001 3550
003 CO-ViMGA
008 241108s9999||||xx |||||||||||||| ||und||
040 _aCO-ViMGA
_bspa
_erda
_cCO-ViMGA
041 0 _aspa
082 0 4 _a330.9 - C663
100 1 _aThomas C Cochran
_952355
245 1 0 _aEstados Unidos en el siglo XX
264 1 _aBogotá, Colombia : Editorial Paidos, 1968
300 _avolumen
336 _atext
_btxt
_2rdacontent
337 _aunmediated
_bn
_2rdamedia
338 _avolume
_bnc
_2rdacarrier
940 _aidficha_siabuc: 3464. -- ficha_no_siabuc:3550
999 _c47139
_d47139